Les communes de Nouvelle Aquitaine sur le littoral - Statistiques

Statistiques générales
  • Ce quiz a été pris 291 fois
    268 depuis la dernière actualisation
  • Le résultat moyen est 21 sur 67
Réponses sur la Carte
Les réponses sont colorées sur une échelle allant du rouge au vert en fonction du pourcentage des utilisateurs qui les ont devinées à leur premier essai. Vous pouvez retrouver ces pourcentages ci-dessous.
 
Statistiques - réponses
Département Commune % Correct
Gironde Arcachon
90%
Charente-Maritime La Rochelle
89%
Pyrenees-Atlantiques Biarritz
88%
Charente-Maritime Royan
74%
Pyrenees-Atlantiques Saint-Jean-de-Luz
74%
Pyrenees-Atlantiques Hendaye
73%
Pyrenees-Atlantiques Anglet
69%
Gironde La Teste-de-Buch
64%
Landes Soorts-Hossegor
64%
Landes Mimizan
62%
Landes Biscarrosse
61%
Gironde Lacanau
59%
Landes Capbreton
55%
Gironde Soulac-sur-Mer
45%
Pyrenees-Atlantiques Bidart
44%
Charente-Maritime Fouras
41%
Gironde Gujan-Mestras
39%
Gironde Lège-Cap-Ferret
39%
Pyrenees-Atlantiques Guéthary
36%
Landes Seignosse
36%
Pyrenees-Atlantiques Urrugne
36%
Gironde Andernos-les-Bains
34%
Pyrenees-Atlantiques Ciboure
34%
Gironde Le Verdon-sur-Mer
32%
Landes Vieux-Boucau-les-Bains
32%
Landes Tarnos
31%
Gironde Biganos
30%
Charente-Maritime Marennes-Hiers-Brouage
30%
Gironde Hourtin
26%
Gironde Arès
25%
Landes Soustons
25%
Charente-Maritime Châtelaillon-Plage
24%
Gironde Carcans
23%
Charente-Maritime La Tremblade
23%
Landes Labenne
22%
Charente-Maritime Saint-Georges-de-Didonne
22%
Charente-Maritime Aytré
20%
Gironde Le Teich
20%
Gironde Le Porge
19%
Charente-Maritime Saint-Palais-sur-Mer
19%
Landes Moliets-et-Maa
18%
Charente-Maritime Yves
18%
Gironde Audenge
17%
Charente-Maritime Les Mathes
17%
Landes Ondres
17%
Charente-Maritime Angoulins
16%
Gironde Lanton
15%
Gironde Vendays-Montalivet
15%
Charente-Maritime Charron
14%
Landes Lit-et-Mixe
14%
Charente-Maritime Nieul-sur-Mer
13%
Landes Vielle-Saint-Girons
13%
Charente-Maritime Bourcefranc-le-Chapus
12%
Charente-Maritime L'Houmeau
12%
Landes Messanges
12%
Charente-Maritime Port-des-Barques
12%
Landes Saint-Julien-en-Born
12%
Charente-Maritime Vaux-sur-Mer
12%
Charente-Maritime Esnandes
11%
Charente-Maritime Marsilly
11%
Gironde Grayan-et-l'Hôpital
10%
Gironde Naujac-sur-Mer
10%
Gironde Vensac
10%
Landes Gastes
9%
Landes Sainte-Eulalie-en-Born
9%
Charente-Maritime Saint-Froult
9%
Charente-Maritime Moëze
8%
Aucun quiz correspondant
Distribution des résultats
% des personnes avec chaque résultat
Percentile par nombre de réponses
Votre historique - résultats
Vous n’avez pas pris ce quiz depuis la dernière actualisation